Proceedings of the Eastern Joint Computer Conference : Papers presented at the Joint IRE-AIEE-ACM Computer Conference, Boston, Massachusetts, December 1-3, 1959. Sponsors: The Institute of Radio Engineers Professional Group on Electronic Computers; The American Institute of Electrical Engineers Committee on Computing Devices; The Association for Computing Machinery.
Guardado en:
| Autores Corporativos: | , , |
|---|---|
| Formato: | Libro |
| Idioma: | English |
| Publicado: |
[S.l.] :
The 1959 Eastern Joint Computer Conference,
c1959.
|
| Etiquetas: |
Agregar Etiqueta
Sin Etiquetas, Sea el primero en etiquetar este registro!
|
| LEADER | 00956nam a22001575a 4500 | ||
|---|---|---|---|
| 001 | MAT.inmabb000927 | ||
| 008 | 031119s1959####xxu###########101#0#eng#d | ||
| 005 | 20180612151702.0 | ||
| 245 | 1 | 0 | |a Proceedings of the Eastern Joint Computer Conference : |b Papers presented at the Joint IRE-AIEE-ACM Computer Conference, Boston, Massachusetts, December 1-3, 1959. Sponsors: The Institute of Radio Engineers Professional Group on Electronic Computers; The American Institute of Electrical Engineers Committee on Computing Devices; The Association for Computing Machinery. |
| 260 | |a [S.l.] : |b The 1959 Eastern Joint Computer Conference, |c c1959. | ||
| 300 | |a 260 p. ; |c 28 cm. | ||
| 710 | 2 | |a Institute of Radio Engineers. |b Professional Group on Electronic Computers. | |
| 710 | 2 | |a American Institute of Electrical Engineers. |b Committee on Computing Devices. | |
| 710 | 2 | |a Association for Computing Machinery. | |
| 084 | |a 68-XX |2 msc2000 | ||
| 859 | |h 68 |i P963-1959 |p A-774 |b BIB. MATEMATICA | ||
